LIBRARY & INFORMATION CENTRE, KCAET, TAVANUR

ONLINE PUBLIC ACCESS CATALOGUE (OPAC)

Power electronics (Record no. 13912)

MARC details
000 -LEADER
fixed length control field 00325nam a22001337a 4500
003 - CONTROL NUMBER IDENTIFIER
control field OSt
008 - FIXED-LENGTH DATA ELEMENTS--GENERAL INFORMATION
fixed length control field 241223b |||||||| |||| 00| 0 eng d
020 ## - INTERNATIONAL STANDARD BOOK NUMBER
ISBN 9788174092793
082 ## - DEWEY DECIMAL CLASSIFICATION NUMBER
Classification number 621.317
Item number BIM/PO
100 ## - MAIN ENTRY--AUTHOR NAME
Personal name Bimbhra, P.S
245 ## - TITLE STATEMENT
Title Power electronics
260 ## - PUBLICATION, DISTRIBUTION, ETC. (IMPRINT)
Place of publication New Delhi
Name of publisher Khanna Publishers
Year of publication 2012
942 ## - ADDED ENTRY ELEMENTS (KOHA)
Koha item type Books
Holdings
Withdrawn status Lost status Damaged status Collection code Home library Current library Shelving location Date acquired Source of acquisition Cost, normal purchase price Full call number Accession Number Koha item type
      Non-fiction KAUAET KAUAET General Stacks 30/03/2013 Calicut Book Distributors 295.00 621.317 BIM/PO 23668 Books
      Non-fiction KAUAET KAUAET General Stacks 30/03/2013 Calicut Book Distributors 295.00 621.317 BIM/PO 23667 Books
free website counter